000 00405nam a2200145 i 4500
001 bg
100 1 _aHASSE, Lech
245 0 _aSzumy elementów i układów elektronicznych /
_cLech Hasse, Ludwik Spiralski.
260 _aWarszawa :
_bWydawnictwa Naukowo-Techniczne,
_c1981.
700 1 _aSPIRALSKI, Ludwik
040 _cBPK
041 _apol
942 _cKS
008 s pl f |000 0 pol
999 _c19922
_d19922
856 _uhttp://koha.tu.koszalin.pl/cgi-bin/koha/opac-detail.pl?biblionumber=19922
_yKatalog online BPK